LEADER 01141nam a2200265 4500 001 000000347308 003 CaOOAMICUS 005 20210817112312.0 008 210817s2017 vc 000 u ita r 020 $a978-88-401-4076-6 040 $aSeMil$bita 100 1 $aGenovese, Armando.$0(OLS)http://semarc/name/42984 245 10$a"Come la formica" in ascolto del Simbolo apostolico /$cArmando Genovese. 264 1$aCittą del Vaticano :$bUrbaniana University Press,$c2017. 300 $a247 p. ;$c24 cm 490 1 $aVaria 650 4$aCredo cattolico.$0(OLS)http://semarc/subject/3362 650 4$aSimboli di fede - Simbolo Apostolico.$0(OLS)http://semarc/subject/7839 830 0$aVaria.$0(OLS)http://semarc/title/7982 850 $aSeMil 852 $aSeMil$W1$xVenegono$y1$m2B V 217$j227916$B238378$CSeMilBibl$Z2$F238378 $81 996 $6020$a978-88-401-4076-6$9(OLS)http://semarc/number/293844 996 $6245$a"Come la formica" in ascolto del Simbolo apostolico$9(OLS)http://semarc/title/436578 996 $6264$aCittą del Vaticano :$bUrbaniana University Press$9(OLS)http://semarc/publisher/31817 LEADER 00818nam a2200181 i 4500 001 000000251516 003 CaOOAMICUS 005 20161117000000.0 008 161117s1805 it u000 u ita u 013 $a230421 026 $a7370 9.,e 0.7. (250 (3) 1805 (A) 040 $aSeMil$bita 245 10$aTomo 2. 300 $aVIII, 248 p. 773 0 $tRipetizioni accademiche di diritto comune e patrio dell'avvocato Giovanni Minoja.$bSeconda edizione corretta, ed accresciuta dall'Autore di molte importanti materie, e delle disposizioni emanate in seguito alla prima edizione ...$dMilano : Dalle Stampe di Giacomo Pirola al Teatro grande, 1804-1805.$g2$w()33442 850 $aSeMil 852 $aSeMil$W1$xVenegono$y1$m3L IV 99 FA$j201862$B201862$CSeMilBibl$Z2$F214216 $8I 996 $6245$aTomo 2$9(OLS)http://semarc/title/49331